00626nam a2200193Ii 450000100060000000300090000600800410001502000180005604000330007404100080010708200180011510000270013324500610016026401180022130000120033933600260035133700280037733800270040516072CO-ViMGA241108s9999||||xx |||||||||||||| ||und|| a9789583801617 aCO-ViMGAbspaerdacCO-ViMGA0 aunk04aCo863.44 V64g1 aSantiago Mutis Durán10aGabriel García Márquez :bun triunfo sobre el olvido 1a[Lugar de publicación no identificado] : Fondo de Cultura Económica, [Fecha de publicación no identificada] avolumen atextbtxt2rdacontent aunmediatedbn2rdamedia avolumebnc2rdacarrier